000
00244nam a22000857a 4500
008
161014b xxu||||| |||| 00| 0 eng d
100
_9
845
_a
Moore.P
245
_a
William Wordsworth Selected Poems
260
_a
New Delhi
_b
Maanu Graphi Publications
_c
2010
999
_c
3495
_d
3495